000 02445nam a2200253Ia 4500
003 OSt
005 20210513145635.0
008 210310s2013 ck aodbgr 000 0 spa d
020 _a9789585754416
040 _aCO-JMCR
_cCO-JMCR
041 0 _aspa
082 0 4 _a339.95 /
_bC399a
_223
110 2 _aCEPAL
_912984
245 1 0 _aAmazonia :
_bposible y sostenible /
_cCEPAL
260 _aBogotá :
_bNaciones Unidas CEPAL,
_c2013
300 _b256 páginas :
_ailustraciones, fotografías, gráficas y mapas a color y blanco y negro ;
_c27 cm.
500 _aIncluye notas a pie de página.
504 _aBibliografía: página 227-244
505 0 _aLa región amazónica -- Presiones en la Amazonia colombiana: amenazas para la conversación -- Los caminos de la Amazonia Colombiana, escenarios y visión -- El principio de precaución y la Amazonía -- Ordenamiento territorial y ambiental -- Pobladores ancestrales y conversación -- Frontera agropecuaria: territorio, población y producción -- Conocimientos globales y locales -- Recursos fiscales y valoración económica -- Cooperación internacional al desarrollo y la Amazonía colombiana -- Políticas: inversiones estratégicas e instituciones -- Información de desarrollo social, económico e institucional
520 3 _aLa Amazonia está relacionada con el resto del país, aunque en el imaginario nacional está como una región remota, uniforme y deshabilitada. En ella se viven las dinámicas globales, como el cambio climático y los auges en los mercados de los producto básicos agrícolas y mineros, al tiempo con las dinámicas nacionales y locales. En este libro se formula una visión y diversas políticas sobre la región amazónica colombiana, que consideran las presiones que enfrenta, y la trascendencia de su conservación. La visión integra sus características ecológicas y sociales, al igual que las tendencias, oportunidades y tensiones. En las políticas se destacan el ordenamiento territorial y ambiental, que tenga en cuenta la dinámica en la frontera agropecuaria y el protagonismo de los pobladores ancestrales, así como un decidido programa de conocimiento y educación. La conservación amazónica exige esfuerzos económicos nacionales y globales.
650 1 4 _aPolítica ambiental
_915494
_vCongresos, conferencias,etc.
_zAmazonas (Región, Colombia)
650 2 4 _aDiversidad biológica
_zAmazonas (Región, Colombia)
_937618
942 _2ddc
_cBK
999 _c7799
_d7799